Java : data structures and programming /
Guardado en:
| Autor Principal: | |
|---|---|
| Formato: | Libro |
| Idioma: | English |
| Publicado: |
New York :
Springer,
1998.
|
| Materias: | |
| Etiquetas: |
Agregar Etiqueta
Sin Etiquetas, Sea el primero en etiquetar este registro!
|
| LEADER | 00804cam a2200229 a 4500 | ||
|---|---|---|---|
| 001 | DCC.dcic000815 | ||
| 008 | 980519s1998####nyua#####b####001#0#eng## | ||
| 005 | 20151124112846.0 | ||
| 245 | 1 | 0 | |a Java : |b data structures and programming / |c Liwu Li. |
| 260 | |a New York : |b Springer, |c 1998. | ||
| 300 | |a xv, 483 p. : |b il., ; |c 24 cm. + |e 1 computer disk. | ||
| 504 | |a Incluye referencias bibliográficas e índice. | ||
| 538 | |a System requirements for accompanying computer disk: Windows 95. | ||
| 020 | |a 354063763X (hardcover : alk. paper) | ||
| 100 | 1 | |a Li, Liwu. | |
| 082 | 0 | 0 | |a 005.7/3 |2 21 |
| 650 | 0 | |a Java (Computer program language) | |
| 650 | 0 | |a Data structures (Computer science) | |
| 010 | |a 98025666 | ||
| 040 | |a DLC |c DLC |d DLC | ||
| 050 | 0 | 0 | |a QA76.73.J38 |b L5 1998 |
| 859 | |a DCIC |b BIB. COMPUTACION |p 0637 | ||
